000 00803nam a2200217Ia 4500
003 OSt
005 20251003155127.0
008 220922b |||||||| |||| 00| 0 hin d
037 _cTB
040 _aARTS
_cARTS
_bhin
041 _2hin
_ahin
084 _aO152,1L03x J6.1
_qAL
100 _aमिश्र, विश्वनाथ प्रसाद, संपा.
_9847445
245 0 _aभिखारीदास प्रथम खण्ड
246 _aBhikhārīdās pratham khaṇḍa
260 _c1956
490 _aआकर गं्रथमाला; 1
650 _aहिन्दी साहित्य
_9156264
942 _hO152,1L03x J6.1
_cTB
_2CC
_n0
999 _c322217
_d322217